Field survey techniques and analysis for urban bus operators (Record no. 543333)

000 -LEADER
fixed length control field 00371nam a22001337a 4500
022 ## - INTERNATIONAL STANDARD SERIAL NUMBER
International Standard Serial Number 0951-8987
082 ## - DEWEY DECIMAL CLASSIFICATION NUMBER
Classification number 388.322
Author Mark FIE
-- D
245 ## - TITLE STATEMENT
Title Field survey techniques and analysis for urban bus operators
260 ## - PUBLICATION, DISTRIBUTION, ETC.
Place of publication, distribution, etc. Washington
Name of publisher, distributor, etc. The world bank
300 ## - PHYSICAL DESCRIPTION
Extent 38 P. :
Other physical details ill,
Dimensions 24 cm.
526 ## - STUDY PROGRAM INFORMATION NOTE
Program name 0
Interest level 0
Reading level 0
Title point value 388_322000000000000_FIE
650 ## - SUBJECT ADDED ENTRY--TOPICAL TERM
Topical term or geographic name entry element MCE
9 (RLIN) 379
942 ## - ADDED ENTRY ELEMENTS (KOHA)
Source of classification or shelving scheme
Koha item type Book
Holdings
Withdrawn status Lost status Source of classification or shelving scheme Damaged status Not for loan Permanent Location Current Location Date acquired Total Checkouts Full call number Barcode Date last seen Price effective from Koha item type
          Military College of Engineering (MCE) Military College of Engineering (MCE) 03/20/2014   388.322 FIE MCE-32596 03/20/2014 03/20/2014 Book
© 2023 Central Library, National University of Sciences and Technology. All Rights Reserved.